000 01102nam a22002537a 4500
999 _c111943
_d111943
005 20181105134622.0
010 _aB-205866 B-205891
020 _c190.00
_a8189495054
035 _aB-205866, B-205884 B-205891
037 _bCen Lib/Ret
082 _a820.8
_bयादव
100 _aयादव, रामपत
245 _aहरियाणा का भक्ति साहित्य /
_cरामपत यादव
246 _aHariyana ka bhakti sahitya /
_bby Rampat Yadav
260 _aगाज़ियाबाद
_bसाहित्य संस्थान
_c2006
270 _bगाज़ियाबाद
_aइ-10/660, उतरांचल कॉलोनी, लोनो बॉर्डर
300 _a144पृ.
_c21सेमी(सजिल्द )
500 _aसंदर्भ शामिल
650 _aहिंदी साहित्य
_x
_z
650 _v
_aभक्ति साहित्य
650 _aHindi litarature
650 _aBhakti literature
942 _2ddc
_cHN
_h820.8
_mयादव